Brainrot-Impossible - Statistics

General Stats
  • This quiz has been taken 41 times
  • The average score is 1 of 5
Answer Stats
Hint Answer % Correct
popop yes yes skibidi toilet
90%
The goat Lionel Messi
33%
big but small caseoh
10%
what comes around goes around level 5 gyatt
7%
President of Finland Niilo22
3%
No matching quizzes found
Score Distribution
Percent of People with Each Score
Percentile by Number Answered
Your Score History
You have not taken this quiz